| 000 | 01057cam a2200265 a 4500 | ||
|---|---|---|---|
| 001 | 000001034 | ||
| 005 | 20200929145453.0 | ||
| 008 | 961018s1995 it ach c 000 0 ita d | ||
| 020 | _a8880790633 | ||
| 040 |
_aDO-SdBNP _cNNFr _dDLC |
||
| 043 | _ae-it--- | ||
| 082 |
_a851.4 _bD111r |
||
| 100 | 1 |
_aDa Pozzo, Giovanni _93578 |
|
| 245 | 1 | 3 |
_aLa ragione e l'arte : _bTorquato Tasso e la Repubblica Veneta / _cGiovanni Da Pozzo. |
| 260 |
_aVenecia : _bIl Cardo, _c1995. |
||
| 300 |
_a255 p. : _bil. retrs., fascíms. ; _c29 cm. |
||
| 500 | _a"Catálogo de la exposición. Venecia, Biblioteca Marciana, Sansovino Biblioteca, 10 de octubre-11 de noviembre de 1995" - 3 ª Prelim. | ||
| 504 | _aIncluye referencias bibliográficas | ||
| 600 | 1 | 0 |
_aTASSO, TORQUATO, _d1544-1595 _vEXPOSICIONES _93579 |
| 600 | 1 | 0 |
_aTASSO, TORQUATO, _d1544-1595 _vBIBLIOGRAFÍA _93580 |
| 651 | 0 |
_aVenecia (Italia{Rpara} _xVida Intelectual _vEXPOSICIONES _93581 |
|
| 700 | 1 |
_aDa Pozzo, Giovanni. _93578 |
|
| 710 | 2 |
_aLibreria sansoviniana. _93582 |
|
| 910 | _aCatalogación por copia / LC | ||
| 999 |
_c1010 _d1010 |
||